Normal view
MARC view
- Bhattacharjee A D
Entry Personal Name
001 - CONTROL NUMBER
- control field: 118217
003 - CONTROL NUMBER IDENTIFIER
- control field: OSt
005 - DATE AND TIME OF LATEST TRANSACTION
- control field: 20230125045715.0
008 - FIXED-LENGTH DATA ELEMENTS
- fixed length control field: 230125|| aca||aabn | a|a d
040 ## - CATALOGING SOURCE
- Original cataloging agency: OSt
- Transcribing agency: OSt
100 ## - HEADING--PERSONAL NAME
- Personal name: Bhattacharjee A D
670 ## - SOURCE DATA FOUND
- Source citation: Work cat.: (OSt)96228: Bhattacharjee A D, Artificial intelligence And Soft Computing For Beginners, 2018